Ekonomika i organizacja pracy czasopismo poswiecone teorii i praktyce ekonomiki i organizacji produkcji i pracy

Na minha lista:
Detalhes bibliográficos
Formato: Periódico
Idioma:polonês
Publicado em: Warszawa Wyd. ekonomiczne 1980
Tags: Adicionar Tag
Sem tags, seja o primeiro a adicionar uma tag!

MARC

LEADER 00000nas2a22000001 4500
001 s124390
005 20250730114224.7
041 0 |a pol 
044 |a PL 
245 1 0 |a Ekonomika i organizacja pracy  |b czasopismo poswiecone teorii i praktyce ekonomiki i organizacji produkcji i pracy 
264 1 |a Warszawa  |b Wyd. ekonomiczne  |c 1980 
300 |a 1 zv. 
773 0 |w eu_un_cat*s121054